000 00920nam a2200253Ia 4500
003 GCL
008 140319s9999 xx 000 0 ara d
020 _a4493209960
040 _aGCL /
_cGCL
082 0 4 _a219.9
_bس ح
100 1 _aسليمان بن عبدالرحمن الحقيل
245 1 0 _aحقيقة موقف الاسلام من التطرف والارهاب /
_cسليمان بن عبدالرحمن الحقيل
250 _aالثانية
260 _aالرياض :
_bمكتبة الملك فهد الوطنية ،
_c2001
300 _a188 ص ؛
_c24 سم
650 0 4 _aالاسلام والمجتمع
650 0 4 _aالارهاب
650 0 4 _aالاسلام والاصلاح الاجتماعى
650 0 4 _aالاسلام والاصلاح الدينى
650 0 4 _aالعنف
650 0 4 _aالتخريب والتدمير
650 0 4 _aالاسلام والارهاب
942 _2ddc
_cBK
999 _c6957
_d6957